[Event "Port of Spain Knights op 45th"]
[Site "Port of Spain"]
[Date "2018.05.17"]
[Round "7"]
[White "Singh, Carlyle"]
[Black "Duncan, Leonard"]
[Result "1/2-1/2"]
[WhiteElo "1620"]
[BlackElo "1869"]
[PlyCount "78"]
[EventDate "2018.04.05"]
[EventType "swiss"]
[EventRounds "7"]
[EventCountry "TRI"]
[SourceTitle "CBM 184 Extra"]
[Source "ChessBase"]
[SourceDate "2018.06.28"]
[SourceVersion "1"]
[SourceVersionDate "2018.06.28"]
[SourceQuality "1"]

1. d4 d5 2. Bf4 e6 3. Nf3 Bd6 4. e3 f5 5. c3 Nf6 6. Be2 0-0 7. Nbd2 Qe7 8. Ne5 Nbd7 9. Ndf3 Ne4 10. Nxd7 Bxd7 11. Ne5 g5 12. Nxd7 Qxd7 13. Bxd6 Qxd6 14. f3 Nf6 15. Qd3 c5 16. dxc5 Qxc5 17. Qd4 Qxd4 18. exd4 Rae8 19. Bb5 Re7 20. 0-0-0 g4 21. Rde1 Nh5 22. Re5 gxf3 23. gxf3 a6 24. Ba4 Nf4 25. Rg1+ Rg7 26. Rxg7+ Kxg7 27. Kd2 Kf6 28. Re1 Rg8 29. Bb3 Rg2+ 30. Ke3 Ng6 31. Re2 f4+ 32. Kd3 Rxe2 33. Kxe2 Nh4 34. Bc2 h6 35. b3 a5 36. c4 b6 37. Kf2 Ke7 38. cxd5 exd5 39. a3 Kd6 1/2-1/2

[Event "Port of Spain Knights op 45th"]
[Site "Port of Spain"]
[Date "2018.05.03"]
[Round "5"]
[White "Singh, Carlyle"]
[Black "Hunte, Keelan"]
[Result "1-0"]
[WhiteElo "1620"]
[BlackElo "1615"]
[PlyCount "77"]
[EventDate "2018.04.05"]
[EventType "swiss"]
[EventRounds "7"]
[EventCountry "TRI"]
[SourceTitle "CBM 184 Extra"]
[Source "ChessBase"]
[SourceDate "2018.06.28"]
[SourceVersion "1"]
[SourceVersionDate "2018.06.28"]
[SourceQuality "1"]

1. d4 d5 2. Bf4 Nf6 3. e3 Nbd7 4. c3 e6 5. Nf3 h6 6. Nbd2 c5 7. Be2 c4 8. Qc2 b5 9. b4 Nb6 10. Ne5 Bb7 11. 0-0 Bd6 12. Rfe1 Na4 13. Bf3 g5 14. Bg3 h5 15. h3 Rg8 16. Ndxc4 dxc4 17. Bxb7 Bxe5 18. dxe5 Rb8 19. Bc6+ Nd7 20. Red1 Nab6 21. Rxd7 Nxd7 22. Rd1 Qb6 23. Rd6 Rd8 24. Qh7 Ke7 25. Bxd7 Rh8 26. Qg7 Qxd6 27. Qf6+ Kxd7 28. exd6 h4 29. Qxf7+ Kc6 30. Qc7+ Kd5 31. Qc5+ Ke4 32. f3+ Kd3 33. Qd4+ Kc2 34. Be1 g4 35. Qd2+ Kb1 36. Qd1+ Kb2 37. Bd2 gxh3 38. Bc1+ Kxc3 39. Qd2# 1-0

[Event "De Verteuil Memorial 24th"]
[Site "Port of Spain"]
[Date "2016.11.17"]
[Round "7"]
[White "Flower, Trevor"]
[Black "Singh, Carlyle"]
[Result "1/2-1/2"]
[WhiteElo "1712"]
[BlackElo "1644"]
[PlyCount "142"]
[EventDate "2016.10.06"]
[EventType "swiss"]
[EventRounds "7"]
[EventCountry "TRI"]
[SourceTitle "EXT 2018"]
[Source "ChessBase"]
[SourceDate "2017.10.13"]
[SourceVersion "1"]
[SourceVersionDate "2017.10.13"]
[SourceQuality "1"]

1. d4 Nf6 2. Nf3 g6 3. Bg5 Bg7 4. e3 0-0 5. Bc4 d6 6. h3 b6 7. Nbd2 Bb7 8. 0-0 a5 9. Re1 c5 10. c3 d5 11. Bf1 Nbd7 12. Bf4 Ne4 13. Nxe4 dxe4 14. Ne5 Nxe5 15. dxe5 Qxd1 16. Raxd1 Rfd8 17. Bc4 Bc6 18. Rxd8+ Rxd8 19. e6 fxe6 20. Bxe6+ Kh8 21. Bc7 Rd2 22. Bxb6 Rxb2 23. Bxc5 Rb8 24. Bd4 Bf6 25. g4 Kg7 26. g5 Bxd4 27. exd4 Rb2 28. d5 Be8 29. Rxe4 Rxa2 30. Kg2 Ra1 31. Rc4 Bf7 32. Bxf7 Kxf7 33. Rc7 Rd1 34. c4 Rd4 35. Kf3 a4 36. Ke3 Rd1 37. Ra7 Ra1 38. d6 Re1+ 39. Kd2 Re6 40. c5 Ke8 41. Rxa4 exd6 42. c6 Kd8 43. Ra7 d5 44. Rd7+ Kc8 45. Rxh7 Rxc6 46. Kd3 Ra6 47. Kd4 Ra2 48. Rg7 Rxf2 49. Rxg6 Rd2+ 50. Ke3 Ra2 51. h4 d4+ 52. Kd3 Ra3+ 53. Kc2 Rh3 54. Rh6 Kd7 55. h5 Ke7 56. Rh7+ Kf8 57. h6 Kg8 58. Rd7 Rg3 59. Rg7+ Kh8 60. g6 Rc3+ 61. Kd2 Rd3+ 62. Ke2 Re3+ 63. Kf2 Rh3 64. Rh7+ Kg8 65. Kg2 Rh5 66. Kf3 Rg5 67. Rg7+ Kh8 68. Ke4 d3 69. Kxd3 Rd5+ 70. Ke4 Re5+ 71. Kd4 Rd5+ 1/2-1/2

[Event "Port of Spain op"]
[Site "Port of Spain"]
[Date "2016.08.01"]
[Round "6"]
[White "Singh, Carlyle"]
[Black "Roopnarine, Reece"]
[Result "1/2-1/2"]
[WhiteElo "1666"]
[BlackElo "1384"]
[PlyCount "96"]
[EventDate "2016.07.29"]
[EventType "swiss"]
[EventRounds "9"]
[EventCountry "TRI"]
[SourceTitle "EXT 2017"]
[Source "ChessBase"]
[SourceDate "2016.10.25"]
[SourceVersion "1"]
[SourceVersionDate "2016.10.25"]
[SourceQuality "1"]

1. d4 d5 2. c4 e6 3. Nf3 Nf6 4. Bg5 c5 5. Nc3 cxd4 6. Nxd4 dxc4 7. Qa4+ Nbd7 8. e3 b6 9. Bxc4 Bc5 10. Rd1 0-0 11. Nxe6 fxe6 12. Bxe6+ Kh8 13. Bxd7 Bxd7 14. Rxd7 Qxd7 15. Bxf6 Qxa4 16. Bxg7+ Kxg7 17. Nxa4 Bd6 18. a3 Rac8 19. 0-0 Rc4 20. Nc3 Bxa3 21. Nb5 Bxb2 22. Nxa7 Rc5 23. g3 Rf7 24. Rb1 Rc1+ 25. Rxc1 Bxc1 26. Nb5 Rf5 27. Nd4 Rd5 28. Ne6+ Kf7 29. Nf4 Rd2 30. Kf1 Ba3 31. h4 Bd6 32. Ne2 Rd1+ 33. Kg2 b5 34. Nc3 Rd2 35. Nxb5 Bc5 36. Kf3 Kf6 37. Nc3 Rc2 38. Ne4+ Ke5 39. Ng5 h5 40. Nh3 Rc4 41. Nf4 Rxf4+ 42. gxf4+ Ke6 43. e4 Kf6 44. Kg3 Bb6 45. f3 Bc7 46. e5+ Kf5 47. Kf2 Bb6+ 48. Kg3 Bc7 1/2-1/2

[Event "De Verteuil Memorial 23rd"]
[Site "Port of Spain"]
[Date "2015.10.15"]
[Round "2"]
[White "Inkim, Matthew"]
[Black "Singh, Carlyle"]
[Result "1-0"]
[WhiteElo "1530"]
[BlackElo "1680"]
[PlyCount "101"]
[EventDate "2015.10.08"]
[EventType "swiss"]
[EventRounds "7"]
[EventCountry "TRI"]
[SourceTitle "CBM 169 Extra"]
[Source "ChessBase"]
[SourceDate "2015.12.18"]
[SourceVersion "1"]
[SourceVersionDate "2015.12.18"]
[SourceQuality "1"]

1. e4 c5 2. d4 g6 3. c3 Bg7 4. Nf3 cxd4 5. cxd4 Nf6 6. Nc3 0-0 7. Bc4 Qa5 8. Bd2 e6 9. 0-0 Qb4 10. b3 Qa5 11. Nd5 Qd8 12. Nxf6+ Bxf6 13. e5 Bg7 14. Qc1 d5 15. Bb5 a6 16. Bd3 Nc6 17. Bh6 Bd7 18. Qf4 Nb4 19. Bxg7 Kxg7 20. Be2 h6 21. Rfc1 g5 22. Qg4 f5 23. exf6+ Qxf6 24. Rc7 Rf7 25. Rxb7 Nc6 26. Rc1 Qf4 27. Qxf4 gxf4 28. Rb6 Kf6 29. Bxa6 Nb4 30. Rxb4 Rxa6 31. Ne5 Rg7 32. Rb7 Be8 33. Rxg7 Kxg7 34. a4 Rb6 35. Rc7+ Kf6 36. Rf7+ Kg5 37. Re7 Rxb3 38. h4+ Kf5 39. Rxe8 Rb4 40. Rf8+ Ke4 41. f3+ Ke3 42. Ng4+ Ke2 43. Rxf4 Rxa4 44. Rf6 Rxd4 45. Rxe6+ Kd2 46. Rxh6 Kc3 47. Ne3 Kd3 48. Kf2 Kc3 49. Rc6+ Kd3 50. h5 Rh4 51. Nxd5 1-0

[Event "Barataria Qualifier1st"]
[Site "Barataria"]
[Date "2013.01.26"]
[Round "3"]
[White "Lee, Hayden"]
[Black "Singh, Carlyle"]
[Result "1-0"]
[WhiteElo "1888"]
[BlackElo "1671"]
[PlyCount "93"]
[EventDate "2013.01.24"]
[EventType "swiss"]
[EventRounds "3"]
[EventCountry "TRI"]
[SourceTitle "EXT 2024"]
[Source "ChessBase"]
[SourceDate "2023.10.10"]
[SourceVersion "1"]
[SourceVersionDate "2023.10.10"]
[SourceQuality "1"]

1. d4 Nf6 2. Nf3 e6 3. e3 d5 4. Bd3 Bb4+ 5. c3 Be7 6. 0-0 0-0 7. Nbd2 b6 8. e4 dxe4 9. Nxe4 Nbd7 10. Ne5 Bb7 11. Qf3 Bxe4 12. Bxe4 Nxe4 13. Qxe4 Nxe5 14. Qxe5 Bf6 15. Qg3 h5 16. Bf4 Bh4 17. Qh3 g5 18. Bg3 Kg7 19. Rae1 Kg6 20. Bxh4 gxh4 21. Re5 Rh8 22. f4 Rh6 23. f5+ Kg7 24. fxe6 Rxe6 25. Rxe6 fxe6 26. Qxe6 Qe8 27. Qf6+ Kh7 28. Qxh4 Qe3+ 29. Kh1 Qe2 30. Re1 Rf8 31. Qe7+ Qxe7 32. Rxe7+ Kg6 33. Kg1 Rf7 34. Rxf7 Kxf7 35. Kf2 Kg6 36. Kf3 Kf5 37. g3 c6 38. h3 b5 39. b3 a6 40. b4 Kf6 41. Ke4 Ke6 42. g4 hxg4 43. hxg4 Kf6 44. d5 cxd5+ 45. Kxd5 Kg5 46. Kc6 Kxg4 47. Kb6 1-0

[Event "Port of Spain Knights op"]
[Site "Port of Spain"]
[Date "2008.04.24"]
[Round "2"]
[White "Singh, Carlyle"]
[Black "Heerah, Rohan"]
[Result "0-1"]
[WhiteElo "1539"]
[BlackElo "1769"]
[PlyCount "118"]
[EventDate "2008.04.17"]
[EventType "swiss"]
[EventRounds "7"]
[EventCountry "TRI"]
[SourceTitle "EXT 2023"]
[Source "ChessBase"]
[SourceDate "2022.10.05"]
[SourceVersion "1"]
[SourceVersionDate "2022.10.05"]
[SourceQuality "1"]

1. e4 e6 2. d4 d5 3. Nc3 Bb4 4. Qg4 g6 5. e5 h6 6. Bd3 Ne7 7. f4 Nbc6 8. Nf3 Nf5 9. Bxf5 exf5 10. Qg3 Be6 11. 0-0 Qd7 12. Nd1 Be7 13. Ne3 0-0-0 14. Bd2 Rdg8 15. c3 g5 16. Nc2 Qd8 17. Qf2 gxf4 18. Bxf4 Rg4 19. Qd2 h5 20. h3 Rg6 21. Rae1 Rhg8 22. Re2 Bh4 23. Nxh4 Qxh4 24. Rf3 Qe7 25. Ne3 Nd8 26. Qc2 Kb8 27. Nxf5 Qd7 28. Nh4 R6g7 29. Bh6 Rg3 30. Rxg3 Rxg3 31. Kh2 Rg8 32. Qh7 Re8 33. Bg5 Qa4 34. Bxd8 Rxd8 35. a3 c5 36. Nf5 Qd1 37. Rf2 Qe1 38. Rf3 Qe2 39. Nd6 cxd4 40. cxd4 Qxb2 41. Nxf7 Rc8 42. Nd6 Rg8 43. Rg3 Rxg3 44. Kxg3 Qxa3+ 45. Kh2 Qb3 46. Qe7 a5 47. Qxe6 a4 48. Qc8+ Ka7 49. Qc5+ Ka6 50. Nc8 b6 51. Qc7 a3 52. Qa7+ Kb5 53. Qxb6+ Kc4 54. Nd6+ Kc3 55. Qc5+ Kb2 56. e6 a2 57. Qb5 Qxb5 58. Nxb5 a1Q 59. e7 Qe1 0-1